000 01164nam a22002537a 4500
005 20130403114143.0
008 090728t xxu||||| |||| 00| 0 pun d
010 _aPUN-7486 B-493554-558
020 _c400.00
_a9788182992627
035 _aPN-6604 B-493554-558
037 _bDBAD / PUB/Arsee Publishers
037 _bBPPD/Star Publications
040 _adpl
_bPN
082 _a
100 _937323
_aਚੱਟੋਪਾਧਿਆਏ, ਸ਼ਰਤਚੰਦਰ
245 _aਸਵਾਲ-ਦਰ-ਸਵਾਲ /
_cਸ਼ਰਤਚੰਦਰ ਚੱਟੋਪਾਧਿਆਏ,ਬਲਦੇਵ ਸਿੰਘ 'ਬੱਦਨ' ਦ੍ਵਾਰਾ ਅਨੁਦਿਤ
246 _aSwal-dar swal
_bby Sharat Chander chattopadhyay
260 _aDelhi
_bArsee Publishers
_c2012
270 _bChandni Chonk
_aDelhi
_k23280657
_e110006
300 _a272ਪਂ;
_b22ਸੇਂਮੀ(ਸਜਿਲਦ)
700 _953424
_aਬਲਦੇਵ ਸਿੰਘ 'ਬੱਦਨ'
942 _2ddc
_cPN
_h
_mਚੱਟੋਪਾ
999 _c71598
_d71598